Budoucnost kapitálové regulace bank
História bankovej regulácie. Dohoda Bazilejského výboru pre bankový dohľad o kapitálovej regulácii - Basel I. Päť kategórií Basel I. Nový systém Basel II zavedený v EU a USA v roku 2008. Procyklický charakter Basel II. Uplatnenie dodatočnej kapitálovej požiadavky - leverage ratio na zmiernenie procy...
Salvato in:
| Autore principale: | |
|---|---|
| Natura: | Capitolo di libro |
| Lingua: | ceco |
| Soggetti: | |
| Tags: |
Nessun Tag, puoi essere il primo ad aggiungerne!!
|
MARC
| LEADER | 00000naa$a2200000$$$4500 | ||
|---|---|---|---|
| 001 | 0096781 | ||
| 005 | 20231129092551.1 | ||
| 041 | 0 | |a cze | |
| 044 | |a CZ | ||
| 245 | 1 | 0 | |a Budoucnost kapitálové regulace bank |c Robert Holman |
| 520 | |a História bankovej regulácie. Dohoda Bazilejského výboru pre bankový dohľad o kapitálovej regulácii - Basel I. Päť kategórií Basel I. Nový systém Basel II zavedený v EU a USA v roku 2008. Procyklický charakter Basel II. Uplatnenie dodatočnej kapitálovej požiadavky - leverage ratio na zmiernenie procykličnosti kapitálovej regulácie. Dôraz na druhý pilier Basel II. Dva znaky efektívnej regulácie. | ||
| 610 | 2 | 0 | |a bankovníctvo |
| 610 | 2 | 0 | |a banky |
| 610 | 2 | 0 | |a regulácia |
| 610 | 2 | 0 | |a dohody medzinárodné |
| 610 | 2 | 0 | |a úver |
| 610 | 2 | 0 | |a riziko úverové |
| 610 | 2 | 0 | |a rating |
| 610 | 2 | 0 | |a kapitál |
| 100 | 1 | |a Holman, Robert | |